000
00341nam a2200145Ia 4500
008
150201s2004 xx 000 0 und d
082
_a
618.92
_b
C2004S
100
_a
SINGH,MEHARBAN
245
_a
CAREOF THE NEW BORN
250
_a
6TH
260
_b
SAGAR PUBLICATION
_a
DELHI
_c
2004
300
_a
1-491
650
_a
NURSING
942
_2
ddc
_c
BK
999
_c
3944
_d
3944